عرض عادي
عرض مارك
- Histology
مدخل مصطلح موضوعي
001 - رقم الضبط
- حقل الضبط: 91551
003 - معرف رقم الضبط
- حقل الضبط: OSt
005 - تاريخ ووقت أخر عملية
- حقل الضبط: 20220619140349.0
008 - عناصر بيانات ثابتة الطول
- حقل تحكم ثابت الطول: 220619|| aca||aabn | a|a d
040 ## - مصدر الفهرسة
- هيئة الفهرسة الأصلية: OSt
- وكالة الكتابة: OSt
150 ## - مدخل-- مصطلح تاريخي
- عنصر مدخل المصطلح الموضوعي او الاسم الجغرافي: Histology
670 ## - بيانات المصدر موجوده
- الاستشهاد بالمصدر: Work cat.: (OSt)21284: Kühnel, Wolfgang, 1934- 91550, Color atlas of cytology, histology, and microscopic anatomy /, c2003.
